000 00269nam a22001097a 4500
041 _aeng
080 _a80
100 _aЛебединская, Б. Я.
245 _aФонетический практикум по англ. яз
650 _aPhonetics
999 _c280813
_d280813
942 _cBK